Most Forgettable Presidents - Statistics

General Stats
  • This quiz has been taken 28 times
  • The average score is 8 of 10
Answer Stats
Hint Answer % Correct
President during the depression Herbert Hoover
92%
Was killed by Leon Czolgosz William McKinley
92%
Was Andrew Jackson's VP Martin Van Buren
88%
Died in a month William Henry Harrison
88%
Did nothing to prevent the civil war James Buchanan
81%
Became president after Garfield died Chester A. Arthur
77%
Previous' VP John Tyler
73%
Last Whig president Millard Fillmore
73%
Had a very close election (won by one vote) Rutherford B. Hayes
73%
Died of a heart attack Warren G. Harding
65%
No matching quizzes found
Score Distribution
Percent of People with Each Score
Percentile by Number Answered
Your Score History
You have not taken this quiz